Réseaux sociaux les plus utilisés en 2024 - Statistiques

Statistiques générales
  • Ce quiz a été pris 748 fois
  • Le résultat moyen est 6 sur 10
Statistiques - réponses
Hint Réponse % Correct
4 Instagram
99%
8 Snapchat
94%
1 Facebook
93%
6 Tiktok
89%
3 whatsapp
67%
2 Youtube
55%
7 Messenger
48%
9 telegram
32%
10 Pinterest
31%
5 Wechat
3%
Aucun quiz correspondant
Distribution des résultats
% des personnes avec chaque résultat
Percentile par nombre de réponses
Votre historique - résultats
Vous n’avez pas pris ce quiz